SuperNovae as distance indicators (Record no. 8621)

MARC details
000 -LEADER
fixed length control field 00810nam a2200193Ia 4500
003 - CONTROL NUMBER IDENTIFIER
control field IN-BaIIA
008 - FIXED-LENGTH DATA ELEMENTS--GENERAL INFORMATION
fixed length control field 211028s9999 xx 000 0 eng d
020 ## - INTERNATIONAL STANDARD BOOK NUMBER
International Standard Book Number 3-540-15206-7
040 ## - CATALOGING SOURCE
Transcribing agency IIA Library
080 ## - UNIVERSAL DECIMAL CLASSIFICATION NUMBER
Universal Decimal Classification number 524.352(063)
Item number SUP
111 ## - MAIN ENTRY--MEETING NAME
Meeting name or jurisdiction name as entry element Workshop on Supernovae As Distance indicators
Location of meeting Cambridge
Date of meeting or treaty signing 1984 Sep. 27-28
9 (RLIN) 14474
245 #0 - TITLE STATEMENT
Title SuperNovae as distance indicators
Remainder of title proceedings of a meeting on superNovae as distance indicatorsheld in Palazzo del Bo, Università degli Studi di Padova, Padua, Italy 15-19 June 2004
Statement of responsibility, etc. edited by Norbert Bartel
260 ## - PUBLICATION, DISTRIBUTION, ETC.
Place of publication, distribution, etc. Berlin
Name of publisher, distributor, etc. Springer-Verlag
Date of publication, distribution, etc. 1985
300 ## - PHYSICAL DESCRIPTION
Extent [various pagings.]
650 ## - SUBJECT ADDED ENTRY--TOPICAL TERM
Topical term or geographic name entry element Astronomy and Astrophysics thesaurus
650 ## - SUBJECT ADDED ENTRY--TOPICAL TERM
Topical term or geographic name entry element SuperNovae
9 (RLIN) 1357
700 ## - ADDED ENTRY--PERSONAL NAME
Personal name Bartel, Norbert., ed.
9 (RLIN) 14475
942 ## - ADDED ENTRY ELEMENTS (KOHA)
Koha item type Books
Holdings
Withdrawn status Lost status Damaged status Not for loan Home library Current library Shelving location Date acquired Total Checkouts Full call number Barcode Date last seen Price effective from Koha item type Purchase Price
        IIA Library-Bangalore IIA Library-Bangalore General Stacks 10/03/1986   524.352(063)/ SUP 9493 05/11/2021 10/03/1986 Books DM 30.00

Powered by Koha